00361nam a2200133Ia 4500100003100000650002600031366000700057654003300064245006400097260001900161082001400180300000800194546002500202 aSoro/Alessandro/ Vargiu/E  aInformation retrievel f25 ainformation retrievel mining aInformation retrievel and miningin distributed environments bSpringerc2010 a5.74bSOR a286 aENGLISHcelectronics